| 000 | 00392 a2200145 4500 | ||
|---|---|---|---|
| 001 | 88382 | ||
| 082 | _aPR-585 | ||
| 090 |
_c41807 _d41807 |
||
| 100 | _aAsad Hameed | ||
| 245 |
_aFeasibility Study of Installation of Grifo-M-3 Radar on Mir-III Dp (With CD) _cTanweer Hussain _pCAEG-57 (A) |
||
| 250 | _a1st | ||
| 260 |
_aRisalpur _bNUST _c2003 |
||
| 300 | _a180p | ||
| 500 | _aBE Project Report | ||
| 942 |
_aCAE NUST _kPR-585 |
||
| 999 |
_c323455 _d323455 |
||